000 00361nam a2200133Ia 4500
008 191201s2005 xx 000 0 und d
100 _aTHROPE, Edgar
245 0 _aCourse in Mental ability and Quantitative Aptitude for Competitive Examinations
250 _a2nd
260 _aN.Delhi
_bTMH
_c2005
300 _a435
650 _aGeneral Books
942 _2ddc
_cBK
999 _c1915
_d1915